The Future Astronuclear Physics (Record no. 20605)

MARC details
000 -LEADER
fixed length control field 00772nam a2200241Ia 4500
003 - CONTROL NUMBER IDENTIFIER
control field IN-BaIIA
008 - FIXED-LENGTH DATA ELEMENTS--GENERAL INFORMATION
fixed length control field 211028s9999 xx s 000 0 eng d
020 ## - INTERNATIONAL STANDARD BOOK NUMBER
International Standard Book Number 2-86883-750-6 (Online)
022 ## - INTERNATIONAL STANDARD SERIAL NUMBER
International Standard Serial Number 1633-4760 (Print)
022 ## - INTERNATIONAL STANDARD SERIAL NUMBER
International Standard Serial Number 1638-1963 (Online)
040 ## - CATALOGING SOURCE
Transcribing agency IIA Library
100 ## - MAIN ENTRY--PERSONAL NAME
Personal name Jorissen, A., ed.
9 (RLIN) 38134
245 #4 - TITLE STATEMENT
Title The Future Astronuclear Physics
Medium [eBook]
260 ## - PUBLICATION, DISTRIBUTION, ETC.
Place of publication, distribution, etc. France
Name of publisher, distributor, etc. EDP Sciences
Date of publication, distribution, etc. 2004
300 ## - PHYSICAL DESCRIPTION
Extent iii, 247p.
490 ## - SERIES STATEMENT
Series statement EAS Publications Series
700 ## - ADDED ENTRY--PERSONAL NAME
Personal name Boffin, H., ed.
9 (RLIN) 38135
700 ## - ADDED ENTRY--PERSONAL NAME
Personal name Goriely, S., ed.
9 (RLIN) 38136
700 ## - ADDED ENTRY--PERSONAL NAME
Personal name Rayet, M., ed.
9 (RLIN) 38137
700 ## - ADDED ENTRY--PERSONAL NAME
Personal name Siess, L., ed.
9 (RLIN) 38138
856 ## - ELECTRONIC LOCATION AND ACCESS
Uniform Resource Identifier <a href="https://www.eas-journal.org/articles/eas/abs/2004/01/contents/contents.html">https://www.eas-journal.org/articles/eas/abs/2004/01/contents/contents.html</a>
Link text Click Here to Access eBook
942 ## - ADDED ENTRY ELEMENTS (KOHA)
Koha item type eBooks
Holdings
Withdrawn status Lost status Damaged status Not for loan Home library Current library Date acquired Source of acquisition Serial Enumeration / chronology Total Checkouts Barcode Date last seen Uniform Resource Identifier Price effective from Koha item type
        IIA Library-Bangalore IIA Library-Bangalore 01/01/2013 EDP Sciences V. 11   EB65 05/11/2021 https://www.eas-journal.org/articles/eas/abs/2004/01/contents/contents.html 05/11/2021 eBooks

Powered by Koha